000 00804nam a22002417a 4500
005 20220117100220.0
020 _a9786210400915
040 _aURS
_bEnglish
_cURS
_dURS
_erda
050 _aL11
_b.Al12 2019
100 _aAlata, Elen Joy P.,
_eauthor.
245 _aBuilding and enhancing new literacies across the curriculum /
_bElen Joy P. Alata, Eigen John T. Ignacio.
260 _aManila :
_bRex Book Store,
_c©2019.
300 _a120 pages ;
_c26 cm.
336 _2rdacontent
_atext
_btxt
337 _2rdamedia
_aunmediated
_bn
338 _2rdacarrier
_avolume
_bnc
504 _aIncludes bibliographical references and index.
650 0 _aEducational technology.
650 0 _aTeaching
_xAids and devices.
650 0 _aLiteracy.
700 _aIgnacio, Eigen John T.
_eauthor.
942 _2lcc
_cF
999 _c15498
_d15498